000 00674 a2200277 4500
260 _aParis
100 _aBETTELHEIM, Charles
700 _aCHARRIERE, Jacques
700 _aMARCHISIE, Hélène
260 _bMaspéro
245 _aLa construction du socialisme en Chine
300 _a207 p.
650 _aSOCIALISME
650 _aMARXISME
260 _c1974
300 _b18 cm
130 _lFr.
035 _a01696
440 _a(Petite Collection Maspéro ; 22)
500 _aNotes (pat. bibliographiques) au bas des pages
651 _aCHINE
999 _c12283
_d12283